00279nam a2200121Ia 4500008004100000041000900041082001700050100001400067245002600081260003400107300000800141650000800149230718s9999 xx 000 0 und d aEng. a340bDĚB-L aDĚb, R. 0aLaw Years on the Spor aPakistanbLaw book compc1998 a364 aLaw